000
00484nam a2200145Ia 4500
008
100122s9999 xx 000 0 und d
082
_b
7491
_a
823.08
100
_a
सरदेसाई लक्ष्मणराव
245
_a
संसारातील अमृत
260
_b
ताडदेव बुक डेपो
_c
1950
300
_a
164
630
_a
संसारातील अमृत
730
_a
संसारातील अमृत
942
_c
BOOK
999
_c
400172
_d
400169